00473nam a2200145Ia 4500008004100000082003800041100006100079245001700140250000600157300000800163600006100171630001700232700006100249730001700310090123s9999 xx 000 0 und d b28027a891.463/तिबिले aतिबिले अनंत दत्तत्रय aशर्थ a1 a175 aतिबिले अनंत दत्तत्रय aशर्थ aतिबिले अनंत दत्तत्रय aशर्थ